Catálogo
 En Linea

La era de Francia en Santo Domingo = [La periode Francaise a Saint Domingue (1795-1808)]. (Registro nro. 29751)

Detalles MARC
000 -CABECERA
campo de control de longitud fija 00530nam a2200145 a 4500
001 - NÚMERO DE CONTROL
campo de control 000030259
005 - FECHA Y HORA DE LA ÚLTIMA TRANSACCIÓN
campo de control 20200930060157.0
008 - DATOS DE LONGITUD FIJA--INFORMACIÓN GENERAL
campo de control de longitud fija 110505s2010 dr abc 000 | spa d
040 ## - FUENTE DE LA CATALOGACIÓN
Centro catalogador/agencia de origen DO-SdBNP
Lengua de catalogación spa
Centro/agencia transcriptor BNPHU
082 ## - NÚMERO DE LA CLASIFICACIÓN DECIMAL DEWEY
Número de clasificación xxx
Número de documento/Ítem E65f
049 ## - FONDOS LOCALES (OCLC)
Fondos de biblioteca BNPD
245 03 - MENCIÓN DE TÍTULO
Título La era de Francia en Santo Domingo = [La periode Francaise a Saint Domingue (1795-1808)].
260 ## - PUBLICACIÓN, DISTRIBUCIÓN, ETC.
Lugar de publicación, distribución, etc. [Santo Domingo] :
Nombre del editor, distribuidor, etc. Academia Dominicana de la Historia ;
-- Quinta Dominica ;
-- République française,
Fecha de publicación, distribución, etc. [2010?].
300 ## - DESCRIPCIÓN FÍSICA
Extensión 269 p. :
Otras características físicas il., mapas, retrs. ;
Dimensiones 21 cm.
Existencias
Estado de retiro Estado de pérdida No para préstamo Código de colección Localización permanente Ubicación/localización actual Ubicación en estantería Fecha de adquisición Número de inventario Total de préstamos Signatura topográfica completa Código de barras Fecha visto por última vez Precio válido a partir de Tipo de ítem Koha
    Excluido de préstamo Patrimonio Dominicano Patrimonio Dominicano Patrimonio Dominicano En catalogación 05.05.2011 LF1   xxx E65f 30259-10 25.06.2020 25.06.2020 Libro y Folleto Colección Patrimonio Dominicano

Con tecnología Koha